Unique art of Warli paintings / (Record no. 80483)

MARC details
000 -LEADER
fixed length control field 00676nam a22002177a 4500
005 - DATE AND TIME OF LATEST TRANSACTION
control field 20131107103017.0
010 ## - LCCN (DPL NO)
LC control number ENG-108636
020 ## - INTERNATIONAL STANDARD BOOK NUMBER
International Standard Book Number 9788124605578
Terms of availability 700.00
020 ## - INTERNATIONAL STANDARD BOOK NUMBER
International Standard Book Number 8124605572
Terms of availability 700.00
035 ## - SYSTEM CONTROL NUMBER
System control number EN-92169
037 ## - SOURCE OF ACQUISITION
Source of stock number/acquisition DBAD/PUB
082 ## - DEWEY DECIMAL CLASSIFICATION NUMBER
Classification number 759.954
100 ## - MAIN ENTRY--PERSONAL NAME
Personal name Satyawadi, Sudha
245 ## - TITLE STATEMENT
Title Unique art of Warli paintings /
Statement of responsibility, etc by Sudha Satyawadi
260 ## - PUBLICATION, DISTRIBUTION, ETC. (IMPRINT)
Place of publication, distribution, etc New Delhi
Date of publication, distribution, etc 2010
Name of publisher, distributor, etc D.K. Printworld
270 ## - ADDRESS
Address F-52, Bali Nagar Ramesh Nagar Metro Station
City New Delhi
Postal code 110015
300 ## - PHYSICAL DESCRIPTION
Extent vi,92p. :
Dimensions 24cm(Hb)
Other physical details col. photos
500 ## - GENERAL NOTE
General note Includes bibliographical references and index
600 ## - SUBJECT ADDED ENTRY--PERSONAL NAME
Dates associated with a name
942 ## - ADDED ENTRY ELEMENTS (KOHA)
Source of classification or shelving scheme Dewey Decimal Classification
Item type English Books
Call number suffix SAT
Classification part 759.954
Holdings
Withdrawn status Lost status Not for loan Collection code Home library Current library Date acquired Source of acquisition Cost, normal purchase price Full call number Barcode Copy number Cost, replacement price Koha item type
    Not For Loan Non-fiction D.B.Act.Division D.B.Act.Division 31/10/2013 DBAD/PUB 700.00 759.954 SAT EN-92169 1 700.00 English Books

© Delhi Public Library
Hit Counter
free hit counter